000 00847nmc a2200301 a 4500
003 AR-BaBNM
005 20251128202703.0
008 295020s2001 ||||||||||||||000 | spa||
020 _a0-582-38238-6
040 _cAR-BaBNM
100 1 _aDörnyei, Zoltán
245 1 0 _aTeaching and researching motivation
250 _a1st ed.
260 _aHarlow
_bLongman
_c2001
_bPearson Education
300 0 _a295 p.
490 0 _aApplied linguistics in action
500 0 _aContiene índice de autores e índice temático
504 _aReferencias bibliográficas en p. 270-287
650 4 _aLENGUA EXTRANJERA
650 4 _aENSENANZA DE SEGUNDA LENGUA
650 4 _aENSENANZA DE IDIOMAS
650 4 _aINGLES
650 4 _aMOTIVACION
800 1 _aCandlin, Christopher
800 1 _aHall, David R.
942 _cBK
998 _cme-solo cat
999 _c128
_d128